| 000 | 01065nam a2200289 a 4500 | ||
|---|---|---|---|
| 001 | 000007427 | ||
| 005 | 20260123084624.0 | ||
| 008 | 090908s1970 dr 000 0 spa d | ||
| 040 |
_aDO-SdBNP _bspa _cBNPHU |
||
| 082 |
_a345.05 _bC352d |
||
| 100 | 1 |
_aCastillo Morales, Luis R. del _917683 |
|
| 245 | 1 | 0 |
_aDerecho procesal penal / _cLuis R. del Castillo Morales, Juan Ml. Pellerano Gómez, Hipólito Herrera Pellerano. |
| 260 |
_aSanto Domingo : _bEdiciones Capeldom, _c1970. |
||
| 300 |
_av. ; _c23 cm. |
||
| 490 | 1 |
_aColección Derecho _v8, 9 |
|
| 500 | _aLa biblioteca posee v.1 y v.2 | ||
| 504 | _aIncluye bibliografía y notas al pie de páginas. | ||
| 504 | _aBibliografía: p. 315-319. | ||
| 590 | _aInventariado,2018/DG | ||
| 650 | 4 |
_aDerecho penal _zRepública Dominicana _916470 |
|
| 650 | 0 |
_aProcedimiento penal _9554 |
|
| 650 | 0 |
_aDerecho procesal _9555 |
|
| 700 | 1 | 2 |
_aPellerano Gómez, Juan Ml. _911850 |
| 700 | 1 | 2 |
_aHerrera Pellerano, Hipólito _97063 |
| 830 | 0 |
_aColección Derecho _n8, 9 _920627 |
|
| 910 | _aValidado. Control de calidad EMS | ||
| 999 |
_c7208 _d7208 |
||